Hauptstädte mit b - Statistiken

Allgemein
  • Dieses Quiz wurde 190 mal gespielt
  • Das Durchschnittsergebnis liegt bei 18 aus 25
Antwortstatistiken
Antwort % Korrekt
Berlin
96%
Brüssel
90%
Belgrad
89%
Budapest
88%
Bagdad
86%
Bern
86%
Bukarest
86%
Buenos Aires
83%
Bogotá
81%
Bangkok
80%
Bratislava
79%
Brasília
78%
Belmopan
76%
Baku
75%
Bischkek
75%
Bamako
67%
Beirut
63%
Bangui
60%
Bandar Seri Begawan
59%
Brazzaville
59%
Banjul
58%
Bridgetown
58%
Bissau
53%
Basseterre
49%
Bloemfontain
29%
Keine übereinstimmenden Quizze gefunden
Verteilung der Resultate
Anzahl Personen mit jedem Resultat
Perzentil nach korrekt beantworteten Fragen
Ihre Resultats-Entwicklung
Sie haben dieses Quiz noch nicht gespielt